Представление документа в формате RUSMARC

ПолеНазваниеЗначение
  Тип записи a
  Библиографический уровень m
001 Контрольный номер RU/IS/BASE/278422200
005 Дата корректировки 20201206204614.2
010 Индекс ISBN __
a ISBN 978-5-482-01899-6
d Цена 143-00
101 Язык документа __
a Язык текста rus
c Язык оригинала rus
200 Заглавие и сведения об ответственности 1_
a Заглавие Управление денежными потоками, прибылью и рентабельностью
e Сведения, относящиеся к заглавию учеб.-практ. пособие
f Первые сведения об ответственности В. В. Ковалев
b Общее обозначение материала Текст
210 Выходные данные __
a Место издания М.
c Издательство Проспект
d Дата издания 2008
215 Физическое описание __
a Объем 336 с.
330 Аннотация __
a Аннотация Аналитическое обоснование решений по управлению денежными потоками и прибыльностью фирмы. Рассмотрена роль денежных потоков в системе платежно-расчетных отношений и в моделях оценки фирмы, ее активов и обязательств.
606 Тематические рубрики __
a Основная рубрика Экономика
606 Тематические рубрики __
a Основная рубрика Финансы предприятия
610 Ключевые слова __
a Ключевые слова денежные доходы; денежные потоки; денежные поступления; денежные расчеты; рентабельность; платежно-расчетные отношения; платежеспособность предприятий; денежный оборот; доходы; расходы; предприятия; прибыль; леверидж; налог на прибыль; налог на имущество; инфляция; дивиденды
686 Индексы других классификаций __
a Классификационный индекс 65.291.9я73
700 Автор _1
a Фамилия Ковалев
b Имя В. В.
4 Код отношения 070
801 Источник записи _0
a Страна RU
b Организация Муниципальное бюджетное учреждение культуры "Централизованная библиотечная система" г. Сургут (Центральная городская библиотека им. А. С. Пушкина)
g Правила каталогизации КиК/Елгина
801 Источник записи _1
a Страна RU
b Организация Муниципальное бюджетное учреждение культуры "Централизованная библиотечная система" г. Сургут (Центральная городская библиотека им. А. С. Пушкина)
g Правила каталогизации КиК/Елгина
852 Данные о местонахождении __
j Шифр хранения 65.291.9я73
c Каталожный индекс 65.291.9я73
i Авторский знак К 56
901 Тип документа __
t Тип документа m
903 Характеристики (МАРС) __
a Дата передачи 20081030
969 Тип издания __
a Тип издания учебное пособие
990 Данные о заказе (DOS) __
j Количество экземпляров (DOS) 1
t N записи в КСУ для И/У (DOS) 200811